[Event "London Classic op U2050-A 11th"]
[Site "London"]
[Date "2019.12.01"]
[Round "5"]
[White "Kotsiopoulos, Panagiotis"]
[Black "Samarasinghe Jude, Ranga"]
[Result "1/2-1/2"]
[WhiteElo "1572"]
[BlackElo "1934"]
[PlyCount "113"]
[EventDate "2019.11.29"]
[EventType "swiss"]
[EventRounds "5"]
[EventCountry "ENG"]
[SourceTitle "CBM 195 Extra"]
[Source "ChessBase"]
[SourceDate "2020.05.31"]
[SourceVersion "1"]
[SourceVersionDate "2020.05.31"]
[SourceQuality "1"]

1. e4 e6 2. d4 d5 3. exd5 exd5 4. c4 Nf6 5. Nc3 c6 6. Nf3 Be7 7. Be2 dxc4 8. Bxc4 0-0 9. 0-0 Bg4 10. Be2 Nbd7 11. h3 Bh5 12. Be3 Nb6 13. Re1 Nfd5 14. Bd2 f6 15. Nxd5 Qxd5 16. Qc2 Bd6 17. a4 Bxf3 18. Bxf3 Qxd4 19. Be3 Qc4 20. Qf5 g6 21. Qe4 Qxe4 22. Bxe4 Be5 23. Bxb6 axb6 24. Ra2 Rfd8 25. b3 b5 26. Rb1 Rd4 27. Bc2 Rd2 28. Rd1 Rd4 29. Rxd4 Bxd4 30. Bd3 Kf7 31. Rd2 Bc3 32. Rc2 b4 33. Bc4+ Ke7 34. Re2+ Kd6 35. Re6+ Kc5 36. Re2 Rd8 37. g3 Rd1+ 38. Kg2 Be5 39. Rc2 Kd4 40. Kh2 Rb1 41. Kg2 g5 42. g4 Ra1 43. Be6 b5 44. axb5 cxb5 45. Bd7 Rb1 46. Be6 Bf4 47. Bg8 h6 48. Bf7 Ra1 49. Bg6 Rb1 50. Bf7 Bc1 51. Bg6 Rxb3 52. Rxc1 Rc3 53. Rb1 Rc4 54. Bf7 Kc3 55. Rc1+ Kd3 56. Rb1 Kc3 57. Rc1+ 1/2-1/2

[Event "London Classic op U2050-A 11th"]
[Site "London"]
[Date "2019.11.30"]
[Round "2"]
[White "Gray, Edward"]
[Black "Kotsiopoulos, Panagiotis"]
[Result "1-0"]
[WhiteElo "1811"]
[BlackElo "1572"]
[PlyCount "63"]
[EventDate "2019.11.29"]
[EventType "swiss"]
[EventRounds "5"]
[EventCountry "ENG"]
[SourceTitle "CBM 195 Extra"]
[Source "ChessBase"]
[SourceDate "2020.05.31"]
[SourceVersion "1"]
[SourceVersionDate "2020.05.31"]
[SourceQuality "1"]

1. e4 e5 2. Nf3 Nc6 3. d4 exd4 4. Bc4 Nf6 5. 0-0 Be7 6. Nxd4 0-0 7. Nc3 h6 8. Nxc6 dxc6 9. Qf3 Qd4 10. Bd3 Bg4 11. Qg3 Bd6 12. Qh4 Bc5 13. h3 Be6 14. Ne2 Qd8 15. e5 Nd5 16. Qe4 f5 17. exf6 Qxf6 18. Ng3 Rae8 19. Qh7+ Kf7 20. Nh5 Qe5 21. Bxh6 Rh8 22. Qg6+ Ke7 23. Nxg7 Reg8 24. Rae1 Rxh6 25. Qxh6 Qxg7 26. Rxe6+ Kd7 27. Qxg7+ Rxg7 28. Re4 Nf6 29. Rf4 Nh5 30. Rf3 Bd6 31. Bf5+ Kd8 32. Rd1 1-0

[Event "BCF-chT4S 1819 (4NCL)"]
[Site "England"]
[Date "2019.01.13"]
[Round "4.145"]
[White "Kilcline, Jenny"]
[Black "Kotsiopoulos, Panagiotis"]
[Result "0-1"]
[WhiteElo "1515"]
[BlackElo "1421"]
[PlyCount "108"]
[EventDate "2018.11.17"]
[EventType "team-swiss"]
[EventRounds "11"]
[EventCountry "ENG"]
[SourceTitle "EXT 2021"]
[Source "ChessBase"]
[SourceDate "2020.10.23"]
[SourceVersion "1"]
[SourceVersionDate "2020.10.23"]
[SourceQuality "1"]
[WhiteTeam "Rook & Roll"]
[BlackTeam "Crowthorne II"]
[WhiteTeamCountry "ENG"]
[BlackTeamCountry "ENG"]

1. e4 e5 2. Nf3 Nc6 3. Bc4 Nf6 4. d4 Bd6 5. 0-0 0-0 6. Bg5 h6 7. Bh4 exd4 8. Nxd4 Ne5 9. Nd2 Ng6 10. Nf5 Nxh4 11. Nxh4 Nxe4 12. Nxe4 Bxh2+ 13. Kxh2 Qxh4+ 14. Kg1 Qxe4 15. Bd3 Qh4 16. Re1 d6 17. Re4 Qg5 18. Qf3 Bd7 19. Rf4 Bc6 20. Be4 Bxe4 21. Rxe4 Rfe8 22. Rg4 Qe5 23. c3 c6 24. g3 Qe2 25. Qxe2 Rxe2 26. b4 Rae8 27. Kg2 Rc2 28. c4 Ree2 29. Rf4 g5 30. Rf6 Kg7 31. Rxd6 Rxf2+ 32. Kh1 Rh2+ 33. Kg1 Rcg2+ 34. Kf1 Rxg3 35. a3 Rh1+ 36. Kf2 Rxa1 37. Kxg3 Rxa3+ 38. Kg4 Rb3 39. Rd7 Rxb4 40. Kh5 Rxc4 41. Rd4 Rc3 42. Kg4 b5 43. Rd6 b4 44. Rg6+ Kf8 45. Rd6 b3 46. Kf5 b2 47. Kf6 Rf3+ 48. Ke5 b1Q 49. Rd7 Qb5+ 50. Ke4 Qe2+ 51. Kd4 Rd3+ 52. Kc5 Qc2+ 53. Kb4 Rb3+ 54. Ka5 Qa2# 0-1

[Event "BCF-chT4S 1819 (4NCL)"]
[Site "England"]
[Date "2019.01.12"]
[Round "3.155"]
[White "Kotsiopoulos, Panagiotis"]
[Black "Wolstenholme, Scarlet"]
[Result "1-0"]
[WhiteElo "1421"]
[BlackElo "1307"]
[PlyCount "63"]
[EventDate "2018.11.17"]
[EventType "team-swiss"]
[EventRounds "11"]
[EventCountry "ENG"]
[SourceTitle "EXT 2021"]
[Source "ChessBase"]
[SourceDate "2020.10.23"]
[SourceVersion "1"]
[SourceVersionDate "2020.10.23"]
[SourceQuality "1"]
[WhiteTeam "Crowthorne II"]
[BlackTeam "Barnet Knights III"]
[WhiteTeamCountry "ENG"]
[BlackTeamCountry "ENG"]

1. e4 e5 2. Nf3 Nc6 3. d4 exd4 4. Nxd4 Bc5 5. Nb3 d6 6. Nxc5 dxc5 7. Qxd8+ Nxd8 8. Be3 Ne7 9. Bxc5 Ndc6 10. Bb5 Bd7 11. Bxe7 Kxe7 12. Bxc6 Bxc6 13. 0-0 Rhe8 14. Nc3 Kf8 15. f3 Rad8 16. Rad1 Rc8 17. Rd2 a6 18. Rfd1 h6 19. a4 b5 20. axb5 axb5 21. Kf2 Ke7 22. Nd5+ Bxd5 23. Rxd5 Rb8 24. Rd7+ Kf8 25. Rxc7 b4 26. Rdd7 Kg8 27. Rxf7 Kh8 28. Rxg7 b3 29. Rh7+ Kg8 30. Rcg7+ Kf8 31. Rc7 bxc2 32. Rh8# 1-0

[Event "London Classic U1600 op 10th"]
[Site "London"]
[Date "2018.12.15"]
[Round "2"]
[White "Kotsiopoulos, Panagiotis"]
[Black "Bullock, Lee"]
[Result "1-0"]
[WhiteElo "1393"]
[BlackElo "1555"]
[PlyCount "47"]
[EventDate "2018.12.14"]
[EventType "swiss"]
[EventRounds "5"]
[EventCountry "ENG"]
[SourceTitle "CBM 187 Extra"]
[Source "ChessBase"]
[SourceDate "2018.11.04"]
[SourceVersion "1"]
[SourceVersionDate "2018.11.04"]
[SourceQuality "1"]

1. e4 c5 2. Nf3 d6 3. c3 Nf6 4. Be2 Nc6 5. d3 h6 6. 0-0 e5 7. Be3 Be7 8. Nbd2 0-0 9. c4 Ng4 10. Ne1 Nxe3 11. fxe3 Bg5 12. Rf3 f5 13. Nc2 f4 14. exf4 Bxf4 15. g3 Qg5 16. h4 Qg6 17. Nf1 Bxg3 18. Rxf8+ Kxf8 19. Bh5 Qf6 20. Nxg3 Kg8 21. Qf3 Qxh4 22. Qf7+ Kh8 23. Qe8+ Kh7 24. Bg6# 1-0

[Event "London Classic U1600 op 10th"]
[Site "London"]
[Date "2018.12.14"]
[Round "1"]
[White "Llewellyn, Nick"]
[Black "Kotsiopoulos, Panagiotis"]
[Result "0-1"]
[WhiteElo "745"]
[BlackElo "1393"]
[PlyCount "20"]
[EventDate "2018.12.14"]
[EventType "swiss"]
[EventRounds "5"]
[EventCountry "ENG"]
[SourceTitle "CBM 187 Extra"]
[Source "ChessBase"]
[SourceDate "2018.11.04"]
[SourceVersion "1"]
[SourceVersionDate "2018.11.04"]
[SourceQuality "1"]

1. Nf3 d5 2. d4 Nf6 3. Bf4 Bf5 4. Nc3 e6 5. e3 c5 6. dxc5 Bxc5 7. Na4 Qa5+ 8. Qd2 Qxa4 9. Be2 Bxc2 10. Rc1 Bb4 0-1